Různá je legislativa i financovaní

Podrobná bibliografia
Hlavný autor: Miškufová, Helena (Autor)
Médium: Článok
Jazyk:čeština
ISSN:1335-549X
Predmet:

MARC

LEADER 00000nab a2200000 a 4500
001 vtls000777862
003 SK-MaSNL
005 20260302152843.0
008 180206c2001 xo 0 cze
015 |a SNBRB2001/12-35367 
035 |a CLN000129643 
040 |a SNKBUCL  |b slo  |c SNKBUCL  |e AACR2 
041 0 |a cze 
044 |a xo  |c SK 
080 |a 323.113(=81)(4):061.3  |2 UDC-MRF-SK2 
080 |a 323.15(4):061.2  |2 UDC-MRF-SK2 
100 1 |a Miškufová, Helena  |4 aut  |9 266662 
245 1 0 |a Různá je legislativa i financovaní  |c Helena Miškufová 
610 7 |a Federalistická únia európskych etnických skupín  |b Sekcia slovanských národnostných menšín  |x konferencie  |y 2001  |2 snkbucl  |9 846918 
655 7 |a články z novín a časopisov  |2 snkbucl  |9 267496 
773 0 |x 1335-549X  |t Česká beseda  |g Roč. 7, č. 11 (2001), s. 14 
850 |a Slovenská národná knižnica v Martine 
852 |a SNK  |b KIS3GCP 
958 |a RBX 
999 |c 1363688  |d 1365618